Principles of administrative law (Record no. 2567)
[ view plain ]
| 000 -LEADER | |
|---|---|
| fixed length control field | 00621 a2200229 4500 |
| 003 - CONTROL NUMBER IDENTIFIER | |
| control field | dpl |
| 005 - DATE AND TIME OF LATEST TRANSACTION | |
| control field | 20180726132307.0 |
| 008 - FIXED-LENGTH DATA ELEMENTS--GENERAL INFORMATION | |
| fixed length control field | 180726b xxu||||| |||| 00| 0 eng d |
| 020 ## - INTERNATIONAL STANDARD BOOK NUMBER | |
| Terms of availability | 595.00 |
| 035 ## - SYSTEM CONTROL NUMBER | |
| System control number | B-119953, B-090359 |
| 037 ## - SOURCE OF ACQUISITION | |
| Source of stock number/acquisition | RP-ZLS-2344 / UBH-05-06:13 / RP-05-06:ENG |
| 040 ## - CATALOGING SOURCE | |
| Transcribing agency | 0 |
| 082 14 - DEWEY DECIMAL CLASSIFICATION NUMBER | |
| Classification number | 342.06 |
| 100 1# - MAIN ENTRY--PERSONAL NAME | |
| Personal name | Jain, M.P. |
| 245 1# - TITLE STATEMENT | |
| Title | Principles of administrative law |
| Statement of responsibility, etc | by M.P. Jain, S.N. Jain |
| 250 ## - EDITION STATEMENT | |
| Edition statement | 4th ed |
| 260 ## - PUBLICATION, DISTRIBUTION, ETC. (IMPRINT) | |
| Place of publication, distribution, etc | New Delhi |
| Name of publisher, distributor, etc | Wadhwa |
| Date of publication, distribution, etc | 2005r |
| 300 ## - PHYSICAL DESCRIPTION | |
| Extent | xviii, 1072 p |
| Dimensions | 24 cm (pbk) |
| 500 ## - GENERAL NOTE | |
| General note | includes annexure |
| 700 ## - ADDED ENTRY--PERSONAL NAME | |
| Personal name | Jain, S.N. |
| 942 ## - ADDED ENTRY ELEMENTS (KOHA) | |
| Institution code [OBSOLETE] | dpl |
| Koha item type | English Books |
| Call number prefix | 342.06 / JAI |
| Source of classification or shelving scheme | Dewey Decimal Classification |
| Withdrawn status | Lost status | Source of classification or shelving scheme | Damaged status | Not for loan | Collection code | Home library | Current library | Cost, normal purchase price | Total Checkouts | Full call number | Barcode | Date last seen | Copy number | Uniform Resource Identifier | Cost, replacement price | Price effective from | Koha item type | Date acquired | Source of acquisition | Date checked out |
|---|---|---|---|---|---|---|---|---|---|---|---|---|---|---|---|---|---|---|---|---|
| Dewey Decimal Classification | Non-fiction | Patel Nagar | Patel Nagar | 595.00 | 2 | B-090359 | 26/12/2018 | 595.00 | 26/07/2018 | English Books | 26/07/2018 | BPPD/PUB | 13/12/2018 | |||||||
| Dewey Decimal Classification | Non-fiction | Sarojini Nagar | Sarojini Nagar | 595.00 | 342.06 | B-119953 | 15/09/2008 | 1 | 2712 | 595.00 | 15/09/2008 | English Books |
